| 000 | 01389nam a2200217 a 4500 | ||
|---|---|---|---|
| 008 | 120416s1983 ||||||||||||||||| || u | ||
| 050 | _aHF 5635 Kie | ||
| 100 | _aKieso, Donald E | ||
| 245 | 1 | 0 | _aIntermediate accounting. (4th edition) |
| 260 |
_aNew York: _bJohn Wiley and Sons _c1983 |
||
| 300 | _axxii, 1297 pages : illustrations | ||
| 350 | _a0.00 | ||
| 650 | 0 | _aACCOUNTING--HANDBOOKS, MANUALS, ETC | |
| 650 | _aACCOUNTING--STUDY AND TEACHING | ||
| 995 |
_aTEXTBOOKS (SB) _D0.00 _e01544 _FCBU-SCHOOL TEXTBOOK COLLECTIONS _H1 _I0.00 _jSCHOOL TEXTBOOK _M6 _UAVAILABLE _WSep 22, 2009 _y01544 _ZSchool Collections |
||
| 995 |
_aBINDERY (DAMAGED) _D0.00 _e707342 _FCBU-MAIN LIBRARY (Kitwe) _H1 _I0.00 _jHF 5635 Kie _M1 _UDAMAGED _y707342D _ZMain Library Open Access Collection |
||
| 995 |
_aTEXTBOOKS (SB) _D0.00 _e01540 _FCBU-SCHOOL TEXTBOOK COLLECTIONS _H1 _I0.00 _jSCHOOL TEXTBOOK _M2 _UAVAILABLE _WSep 22, 2009 _y01540 _ZSchool Collections |
||
| 995 |
_aTEXTBOOKS (SB) _D0.00 _e01543 _FCBU-SCHOOL TEXTBOOK COLLECTIONS _H1 _I0.00 _jSCHOOL TEXTBOOK _M5 _UAVAILABLE _WSep 22, 2009 _y01543 _ZSchool Collections |
||
| 995 |
_aTEXTBOOKS (SB) _D0.00 _e01541 _FCBU-SCHOOL TEXTBOOK COLLECTIONS _H1 _I0.00 _jSCHOOL TEXTBOOK _M3 _UAVAILABLE _WSep 22, 2009 _y01541 _ZSchool Collections |
||
| 995 |
_aTEXTBOOKS (SB) _D0.00 _e01542 _FCBU-SCHOOL TEXTBOOK COLLECTIONS _H1 _I0.00 _jSCHOOL TEXTBOOK _M4 _UAVAILABLE _WSep 22, 2009 _y01542 _ZSchool Collections |
||
| 999 |
_c77491 _d77491 |
||